000 01090nam0a22002651 4500
001 rc\4414511
005 20130416153122.1
021 _aRU
_bРг3249-65
035 _a(NLR Aleph) 008304475
090 _a8656958
_c8656958
100 _a20130416d1965 |||y0rusy50 ca
101 0 _arus
102 _aRU
105 _aa z |||||
200 1 _aРуководство по проектированию АТС координатной системы
_eПособие для курсового и дипломного проектирования
_fЛенингр. ордена Ленина ин-т инженеров ж.-д. транспорта им. акад. В.Н. Образцова. Кафедра электр. связи
210 _aЛенинград
_cБ. и.
_d1965
215 _a79 с., 3 л. ил.
_cил.
_d20
320 _aБиблиогр.: с. 70
700 1 _aДюфур
_bС. Л.
_gСергей Львович
701 1 _aКорогодская
_bР. Л.
801 0 _aRU
_bNLR
_gpsbo
801 1 _aRU
_bELAR
_2rusmarc
852 _aNLR
_j65-4/5858
942 _cBOOK
980 _aNB